<?xml version="1.0" encoding="UTF-8"?>
<collection xmlns="http://www.loc.gov/MARC21/slim">
 <record>
  <leader>01496nam a2200337 a 4500</leader>
  <controlfield tag="001">12289144</controlfield>
  <controlfield tag="008">090822s2001    enk      b    001 0 eng d</controlfield>
  <datafield tag="010" ind1=" " ind2=" ">
   <subfield code="a">  2001025089</subfield>
  </datafield>
  <datafield tag="020" ind1=" " ind2=" ">
   <subfield code="a">0521593131</subfield>
  </datafield>
  <datafield tag="020" ind1=" " ind2=" ">
   <subfield code="a">0521596890 (pbk.)</subfield>
  </datafield>
  <datafield tag="040" ind1=" " ind2=" ">
   <subfield code="a">DLC</subfield>
   <subfield code="c">DLC</subfield>
   <subfield code="d">DLC</subfield>
  </datafield>
  <datafield tag="082" ind1="0" ind2="0">
   <subfield code="a">428/.0071</subfield>
   <subfield code="2">21</subfield>
  </datafield>
  <datafield tag="100" ind1="1" ind2=" ">
   <subfield code="a">James, Peter,</subfield>
   <subfield code="d">1954-</subfield>
  </datafield>
  <datafield tag="245" ind1="1" ind2="0">
   <subfield code="a">Teachers in action :</subfield>
   <subfield code="b">tasks for in-service language teacher education and development /</subfield>
   <subfield code="c">Peter James.</subfield>
  </datafield>
  <datafield tag="260" ind1=" " ind2=" ">
   <subfield code="a">Cambridge, UK ; New York :</subfield>
   <subfield code="b">Cambridge University Press,</subfield>
   <subfield code="c">2001.</subfield>
  </datafield>
  <datafield tag="300" ind1=" " ind2=" ">
   <subfield code="a">xi, 299 p. :</subfield>
   <subfield code="b">ill. ;</subfield>
   <subfield code="c"> 23cm.</subfield>
  </datafield>
  <datafield tag="490" ind1="0" ind2=" ">
   <subfield code="a">Cambridge teacher training and development</subfield>
  </datafield>
  <datafield tag="504" ind1=" " ind2=" ">
   <subfield code="a">Includes bibliographical references and index.</subfield>
  </datafield>
  <datafield tag="541" ind1="1" ind2=" ">
   <subfield code="e">00014491</subfield>
  </datafield>
  <datafield tag="650" ind1=" " ind2="0">
   <subfield code="a">English language</subfield>
   <subfield code="x">Study and teaching</subfield>
   <subfield code="x">Foreign speakers.</subfield>
  </datafield>
  <datafield tag="650" ind1=" " ind2="0">
   <subfield code="a">Language and languages</subfield>
   <subfield code="x">Study and teaching (Primary)</subfield>
   <subfield code="z">Great Britain.</subfield>
  </datafield>
  <datafield tag="650" ind1=" " ind2="0">
   <subfield code="a">Language and languages</subfield>
   <subfield code="x">Study and teaching (Secondary)</subfield>
   <subfield code="z">Great Britain.</subfield>
  </datafield>
  <datafield tag="650" ind1=" " ind2="0">
   <subfield code="a">English language</subfield>
   <subfield code="x">Study and teaching</subfield>
   <subfield code="z">Great Britain.</subfield>
  </datafield>
  <datafield tag="650" ind1=" " ind2="0">
   <subfield code="a">Language teachers</subfield>
   <subfield code="x">In-service training.</subfield>
  </datafield>
  <datafield tag="650" ind1=" " ind2="0">
   <subfield code="a">English teachers</subfield>
   <subfield code="x">In-service training.</subfield>
  </datafield>
  <datafield tag="650" ind1=" " ind2="0">
   <subfield code="a">Language teachers</subfield>
   <subfield code="x">Training of.</subfield>
  </datafield>
  <datafield tag="650" ind1=" " ind2="0">
   <subfield code="a">English teachers</subfield>
   <subfield code="x">Training of.</subfield>
  </datafield>
  <datafield tag="650" ind1=" " ind2="0">
   <subfield code="a">Second language acquisition.</subfield>
  </datafield>
  <datafield tag="852" ind1="4" ind2=" ">
   <subfield code="a">Ayesha Abed Library</subfield>
   <subfield code="j">General shelf </subfield>
  </datafield>
  <datafield tag="999" ind1=" " ind2=" ">
   <subfield code="c">3322</subfield>
   <subfield code="d">3322</subfield>
  </datafield>
  <datafield tag="952" ind1=" " ind2=" ">
   <subfield code="0">0</subfield>
   <subfield code="1">0</subfield>
   <subfield code="2">ddc</subfield>
   <subfield code="4">0</subfield>
   <subfield code="6">428_007100000000000_JAM_2001</subfield>
   <subfield code="7">0</subfield>
   <subfield code="9">3013</subfield>
   <subfield code="a">BRACUL</subfield>
   <subfield code="b">BRACUL</subfield>
   <subfield code="c">GEN</subfield>
   <subfield code="d">2009-08-31</subfield>
   <subfield code="l">5</subfield>
   <subfield code="m">57</subfield>
   <subfield code="o">428.0071 JAM</subfield>
   <subfield code="p">3010014491</subfield>
   <subfield code="r">2017-03-15</subfield>
   <subfield code="s">2016-11-23</subfield>
   <subfield code="t">1</subfield>
   <subfield code="w">2009-08-31</subfield>
   <subfield code="y">BK</subfield>
  </datafield>
 </record>
</collection>
